00804nam a2200217 a 4500001001000000003000900010005001700019007000300036008004100039040002500080082001500105100002800120245010800148260006500256300002200321590002700343910001400370942001400384952017100398999001700569000033251DO-SdBNP20220809141129.0ta110823s1947 dr 000 0 spa d aDO-SdBNPbspacBNPHU axxxbC794d aCordero, Armando93662913aLa dominicanidad en proyección vertical hacia el pináculo de la grandeza humana /cArmando Cordero. aSantiago, República Dominicana :bLa Información,c1947. a29 p. . :c21 cm. aInventariado, 2022/ YL aYLockward 2ddccLBS1 00102ddc51708PD-RVaBNPHUbBNPHUcCTd2011-08-23iLF1oxxx C794dp33251-10r2020-06-25w2020-06-25yLBS1zPerteneció a la biblioteca personal de Martínez Boog c32742d32742